banner koha

Electrocardiographic, echocardiographic, and indirect blood pressure evaluation in dogs subjected to different sedation protocols (Registro n. 328529)

MARC details
000 -LÍDER
fixed length control field 05081nab a2200301 i 4500
003 - CÓDIGO MARC DA AGÊNCIA CATALOGADORA
Campo de controle BR-BrBNA
005 - DATA E HORA DA ÚLTIMA ATUALIZAÇÃO
Campo de controle 20241108165814.0
008 - CAMPO DE TAMANHO FIXO
fixed length control field 241108b2016 bl.mr|pooa||| 00| 0 eng |
040 ## - FONTE DA CATALOGAÇÃO
Agência catalogadora BR-BrBNA
Idioma da catalogação eng
072 ## - CATEGORIA AGRIS
Código AGRIS L70
Código do objeto 5400
100 ## - ENTRADA PRINCIPAL - NOME PESSOAL
Nome pessoal Cardoso, Helena Mondardo
100 ## - ENTRADA PRINCIPAL - NOME PESSOAL
Nome pessoal Padilha, Vanessa Sasso
100 ## - ENTRADA PRINCIPAL - NOME PESSOAL
Nome pessoal Tocheto, Ronise
100 ## - ENTRADA PRINCIPAL - NOME PESSOAL
Nome pessoal Regalin, Douglas
100 ## - ENTRADA PRINCIPAL - NOME PESSOAL
Nome pessoal Gehrcke, Martielo Ivan
100 ## - ENTRADA PRINCIPAL - NOME PESSOAL
Nome pessoal Oleskovicz, Nilson
245 ## - TÍTULO PRINCIPAL
Título principal Electrocardiographic, echocardiographic, and indirect blood pressure evaluation in dogs subjected to different sedation protocols
500 ## - NOTA GERAL
Nota geral Publicação on-line; 21 ref.; 3 tables; Sumaries (En, Pt)
942 ## - ADDED ENTRY ELEMENTS (KOHA)
Koha item type Analítica
520 ## - NOTA DE RESUMO
Nota de conteúdo <br/><br/>ABSTRACT - The present study aimed to evaluate the effects of different sedation protocols on blood pressure and echocardiographic and electrocardiographic parameters in dogs. In total, 24 male mixed-breed dogs with a mean weight of 9.87±3.0kg were used.Animals were randomly divided into four groups (n=6), which were subjected to sedation using the following protocols: acepromazine (0.05mgkg-1) and butorphanol (0.3mgkg-1) (AB); acepromazine (0.05mgkg-1) and methadone (0.5mgkg-1) (AM); acepromazine (0.03mgkg-1), methadone (0.5mgkg-1), and midazolam (0.3mgkg-1)(MAM); and methadone only (0.5mgkg-1) (M). Indirect blood pressure (BP) measurements and computerized electrocardiography (ECG) and echocardiography (ECO) were performed immediately before the application of the sedation protocol (baseline), and the same evaluations were repeated after 15 minutes. BP decreased in groups AB, MAM, and AM compared to baseline values. Electrocardiographic measurements showed decreased heart rates (HRs) after sedation in all groups, and bradycardia was observed after sedation in two dogs from group M and one animal from group AM. The P-wave duration increased after sedation in groups AM and M. After sedation, no changes in cardiac dimensions were revealed byECO.Fractional shortening (FS) decreased after sedation in the AM group, and dogs from group AB exhibited a smaller decrease in FS compared with the other groups. The cardiac index (CI) was lower in groups AM and M than in the other groups. Animals from group AB were less resistant to examination and exhibited the most favorable sedation scores. It was concluded that the combination of acepromazine and butorphanol was the best sedation protocol for performing echocardiogram measurementsbecause dogs were less resistant to examinations and echocardiographic parameters of FS and CI remained stable.<br/><br/>Key words: cardiac evaluation, butorphanol, acepromazine, methadone, midazolam.
520 ## - NOTA DE RESUMO
Nota de conteúdo <br/><br/>RESUMO - O objetivo deste estudo foi avaliar os efeitos de diferentes protocolos de sedação sobre a pressão arterial, parâmetros ecocardiográficos e eletrocardiográficos em cães. Foram utilizados 24 cães, machos, SRD, com peso médio de 9,87±3,0kg, os quais foram alocados aleatoriamente em quatro grupos (n=6), que foram submetidos à sedação com os protocolos acepromazina (0,05mgkg-1) e butorfanol (0,3mgkg-1) (AB), acepromazina (0,05mgkg-1) e metadona (0,5mgkg-1) (AM), acepromazina (0,03mgkg-1), metadona (0,5mgkg-1) e midazolam (0,3mgkg-1) (MAM) e metadona isolada (0,5mgkg-1) (M). Foi realizada avaliação da pressão arterial sistólica (PAS) não invasiva, eletrocardiografia computadorizada e ecocardiografia imediatamente antes da aplicação do protocolo de sedação (basal) e repetindose as mesmas avaliações, 15 minutos após. Observou-se redução na PAS nos grupos AB, MAM, AM, em relação ao basal. Na eletrocardiografia, houve redução da FC após sedação em todos grupos, sendo observada bradicardia após sedação em dois cães do grupo M e um animal do grupo AM. A duração da onda P aumentou após sedação nos grupos AM e M. Não foram observadas alterações nas dimensões cardíacas, avaliadas pela ecocardiografia, após sedação. A fração de encurtamento (FS) reduziu após sedação no AM e os cães do AB apresentaram menor queda da FS, diferindo dos demais grupos. O índice cardíaco (IC) foi menor no AM e M em relação aos demais. Os animais do grupo AB foram menos resistentes à execução dos exames, apresentando melhores escores de sedação. Concluiu-se que a associação acepromazina e butorfanol foi o melhor protocolo de sedação para realização do ecocardiograma, sendo os cães menos resistentes à execução do exame, mantendo estáveis os parâmetros ecocardiográficos de fração de encurtamento e índice cardíaco.<br/><br/>Palavras-chave: avaliação cardíaca, butorfanol, acepromazina, metadona, midazolam.
650 ## - ASSUNTO - THESAGRO
Cabeçalho tópico ou nome geográfico CÃO
650 ## - ASSUNTO - THESAGRO
Cabeçalho tópico ou nome geográfico APARELHO CIRCULATÓRIO
650 ## - ASSUNTO - THESAGRO
Cabeçalho tópico ou nome geográfico VETERINÁRIA
773 0# - ENTRADA ANALÍTICA
Host Biblionumber 2408
Registro do item 314933
Imprenta Santa Maria-RS Universidade Federal de Santa Maria - Centro de Ciências Rurais 1991
Outro identificador 2024-1184
Título Ciência Rural (Brazil)
ISSN 0103-8478
Colação v. 46(11) p. 2043-2048; (2016)
Número de controle de registro BR2024001834
856 ## - ACESSO E ENDEREÇO ELETRÔNICO
Identificador uniforme de recurso - URI https://www.scielo.br/j/cr/a/SsZVGKTrTn9fNdV3nrmg95J/?format=pdf&lang=en

Nenhum exemplar disponível.

BINAGRI

Telefone: (61)3218-2567/2388/3357/2097 - binagri@agro.gov.br

Ministério da Agricultura e Pecuária , Esplanada dos Ministérios, Bloco D, Anexo B, Brasília/DF, CEP: 70.043-900